Foundations of analog and digital electronic design / (Record no. 215057)
[ view plain ]
| 000 -LEADER | |
|---|---|
| fixed length control field | 01244 a2200241 4500 |
| 003 - CONTROL NUMBER IDENTIFIER | |
| control field | Nust |
| 005 - DATE AND TIME OF LATEST TRANSACTION | |
| control field | 20220812112434.0 |
| 020 ## - INTERNATIONAL STANDARD BOOK NUMBER | |
| International Standard Book Number | 1-55860-735-8 (pbk.) : |
| 035 ## - SYSTEM CONTROL NUMBER | |
| System control number | (Uk)013085911 |
| 040 ## - CATALOGING SOURCE | |
| Transcribing agency | Nust |
| 082 04 - DEWEY DECIMAL CLASSIFICATION NUMBER | |
| Classification number | 621.3815,AGA |
| 100 1# - MAIN ENTRY--PERSONAL NAME | |
| Personal name | Agarwal, Anant |
| 9 (RLIN) | 96968 |
| 245 10 - TITLE STATEMENT | |
| Title | Foundations of analog and digital electronic design / |
| Statement of responsibility, etc. | Anant Agarwal, Jeffrey H. Lang. |
| 260 ## - PUBLICATION, DISTRIBUTION, ETC. | |
| Place of publication, distribution, etc. | San Francisco, Calif. : |
| Name of publisher, distributor, etc. | Morgan Kaufmann, |
| Date of publication, distribution, etc. | 2005. |
| 300 ## - PHYSICAL DESCRIPTION | |
| Extent | 984 s. : |
| Other physical details | ill. |
| 440 #0 - SERIES STATEMENT/ADDED ENTRY--TITLE | |
| Title | Morgan Kaufmann series in computer architecture and design |
| 9 (RLIN) | 17970 |
| 505 ## - FORMATTED CONTENTS NOTE | |
| Formatted contents note | The circuit abstraction (Page-3), Resistive networks (Page-53), Network Theorems (Page-119), The digital abstraction (Page-243), The Mosfet switch (Page-285), The mosfet amplifier (Page-331), The Small -signal model (Page-405), Energy storage elements (Page-457), First-order transients in linear electrical (Page-503), Transients in second order circuits (Page-625) Sinusoidal steady state impedance and frequency response (Page-703), Sinusoidal steady state resonance (Page-77), Diodes (Page-905). |
| 650 #0 - SUBJECT ADDED ENTRY--TOPICAL TERM | |
| Topical term or geographic name entry element | Electronic circuit design. |
| 650 #0 - SUBJECT ADDED ENTRY--TOPICAL TERM | |
| Topical term or geographic name entry element | Electronic circuits |
| 650 #0 - SUBJECT ADDED ENTRY--TOPICAL TERM | |
| Topical term or geographic name entry element | Elektroniska kretsar |
| 9 (RLIN) | 96969 |
| 700 1# - ADDED ENTRY--PERSONAL NAME | |
| Personal name | Lang, Jeffrey. |
| 9 (RLIN) | 96970 |
| 942 ## - ADDED ENTRY ELEMENTS (KOHA) | |
| Koha item type | Reference |
| Source of classification or shelving scheme | |
| Withdrawn status | Lost status | Source of classification or shelving scheme | Damaged status | Not for loan | Permanent Location | Current Location | Shelving location | Date acquired | Full call number | Barcode | Date last seen | Price effective from | Koha item type | Public note |
|---|---|---|---|---|---|---|---|---|---|---|---|---|---|---|
| Military College of Signals (MCS) | Military College of Signals (MCS) | Reference | 12/12/2016 | 621.3815,AGA | MCS32428 | 12/08/2016 | 12/12/2016 | Reference | Almirah No.21, Shelf No.3 |
